Vocabulary for ielts with answers
Gorde:
| Formatua: | Liburua |
|---|---|
| Argitaratua: |
2009
|
| Etiketak: |
Etiketa erantsi
Etiketarik gabe, Izan zaitez lehena erregistro honi etiketa jartzen!
|
| Thư viện lưu trữ: | Mạng thư viện Đại học Đà Nẵng |
|---|
| LEADER | 00443nam a22001811a 4500 | ||
|---|---|---|---|
| 001 | 000038558 | ||
| 003 | 14853 | ||
| 005 | 20160412021328.0 | ||
| 008 | 160412s2009 000 | ||
| 082 | |a 4A(07)2710 | ||
| 245 | |a Vocabulary for ielts with answers |c Pauline Cullen | ||
| 260 | |c 2009 | ||
| OWN | |a LNN | ||
| 999 | |a From the UDN01 | ||
| TYP | |a Monograph | ||
| 980 | |a Mạng thư viện Đại học Đà Nẵng | ||